|
|
|
|
| LEADER |
00000cgm a2200000 a 4500 |
| 001 |
030638 |
| 003 |
UAHC_CL |
| 005 |
20190531152129.0 |
| 008 |
070302b xx j 000 1 eng |
| 952 |
|
|
|0 0
|1 0
|4 0
|6 DVD_37
|7 0
|8 COMP
|9 59964
|a BS
|b BS
|c Referencia
|d 2017-08-03
|l 1
|o DVD-37
|p 1356675
|r 2022-01-17 00:00:00
|s 2019-04-01
|t c.1
|w 2017-08-03
|y DVD
|
| 952 |
|
|
|0 0
|1 0
|4 0
|6 DVD_37
|7 0
|8 COMP
|9 59965
|a BS
|b BS
|c Referencia
|d 2017-08-03
|l 0
|o DVD-37
|p 1361155
|r 2022-01-17 00:00:00
|t c.2
|w 2017-08-03
|y DVD
|
| 952 |
|
|
|0 0
|1 0
|4 0
|6 DVD_37
|7 0
|8 COMP
|9 59966
|a BS
|b BS
|c Referencia
|d 2017-08-03
|l 0
|o DVD-37
|p 1361156
|r 2022-01-17 00:00:00
|t c.3
|w 2017-08-03
|y DVD
|
| 999 |
|
|
|c 30638
|d 30638
|
| 040 |
|
|
|a UAHC_CL
|c UAHC_CL
|d UAHC_CL
|
| 245 |
1 |
0 |
|a Estudio folkwang.
|
| 300 |
|
|
|a 1 videodisco
|c (58 min.)
|
| 500 |
|
|
|a Susanne Linke
|
| 650 |
|
0 |
|9 3902
|a Danza
|
| 900 |
|
|
|a DVD-37
|
| 942 |
|
|
|c DVD
|